[Event "Guernsey Open 14th"]
[Site "Guernsey"]
[Date "1988.10.19"]
[Round "4"]
[White "Bellin, Robert"]
[Black "Cullip, Stephen J"]
[Result "0-1"]
[WhiteElo "2370"]
[BlackElo "2088"]
[PlyCount "76"]
[EventDate "1988.10.16"]
[EventType "swiss"]
[EventRounds "7"]
[EventCountry "GCI"]
[SourceTitle "BritBase"]
[Source "John Saunders"]
[SourceDate "2025.07.03"]
[SourceVersion "1"]
[SourceVersionDate "2025.07.03"]
[SourceQuality "1"]

1. Nf3 Nf6 2. d4 b6 3. e3 Bb7 4. Bd3 e6 5. O-O Be7 6. Nbd2 c5 7. c3 O-O 8. e4 d6 9. Re1 Nc6 10. a3 Rc8 11. b4 Qc7 12. Bb2 Rfd8 13. Qe2 d5 14. e5 Nd7 15. Nf1 Qb8 16. h4 cxd4 17. cxd4 b5 18. Ng5 Bxg5 19. hxg5 Ne7 20. Qh5 Ng6 21. Ne3 Nb6 22. Ng4 Nc4 23. Bc1 a5 24. Kh2 Qa7 25. Be3 Nb2 26. Bxb5 Ba6 27. Bxa6 Qxa6 28. bxa5 Qxa5 29. Rh1 Qc3 30. Kg3 Nf8 31. Nf6+ gxf6 32. gxf6 Qd3 33. Rh4 Kh8 34. Rg4 Nd7 35. Rc1 Nc4 36. Qxf7 Rg8 37. Kh2 Rxg4 38. Bh6 Rcg8 0-1

[Event "Guernsey Open 14th"]
[Site "Guernsey"]
[Date "1988.10.19"]
[Round "4"]
[White "Daniels, Hennie"]
[Black "Thurlow, Kevin J"]
[Result "0-1"]
[WhiteElo "1750"]
[BlackElo "2048"]
[PlyCount "54"]
[EventDate "1988.10.16"]
[EventType "swiss"]
[EventRounds "7"]
[EventCountry "GCI"]
[SourceTitle "BritBase"]
[Source "John Saunders"]
[SourceDate "2025.07.03"]
[SourceVersion "1"]
[SourceVersionDate "2025.07.03"]
[SourceQuality "1"]

1. e4 c5 2. Nc3 e6 3. Bc4 a6 4. a4 Nc6 5. f4 d6 6. Nf3 g6 7. O-O Bg7 8. Qe1 Nge7 9. f5 gxf5 10. d3 Nb4 11. Bb3 d5 12. exd5 Nbxd5 13. Qh4 Nxc3 14. bxc3 Bxc3 15. Rb1 Ng6 16. Qh6 Bd7 17. Bg5 Bf6 18. h4 Bc6 19. Rbe1 Bxf3 20. Bxe6 Bxg5 21. hxg5 Qd4+ 22. Kh1 fxe6 23. Rxe6+ Kd7 24. Rf6 Bxg2+ 25. Kxg2 Qg4+ 26. Kf2 Rae8 27. Rf7+ Kc8 {Source: Kevin J Thurlow} 0-1

[Event "Guernsey Open 14th"]
[Site "Guernsey"]
[Date "1988.10.19"]
[Round "4"]
[White "De Rooi, Paul"]
[Black "Becx, Cesar"]
[Result "0-1"]
[WhiteElo "2100"]
[BlackElo "2295"]
[PlyCount "104"]
[EventDate "1988.10.16"]
[EventType "swiss"]
[EventRounds "7"]
[EventCountry "GCI"]
[SourceTitle "BritBase"]
[Source "John Saunders"]
[SourceDate "2025.07.03"]
[SourceVersion "1"]
[SourceVersionDate "2025.07.03"]
[SourceQuality "1"]

1. e4 e5 2. Nf3 Nc6 3. Bb5 f5 4. d3 fxe4 5. dxe4 Nf6 6. Nc3 Bc5 7. Bg5 d6 8. Qd2 O-O 9. Bc4+ Kh8 10. Nd5 Nxe4 11. Bxd8 Nxd2 12. Kxd2 Nxd8 13. Nxc7 Rb8 14. Rhf1 Bd7 15. Ng5 Rf4 16. Be6 Rd4+ 17. Ke2 Nxe6 18. Ncxe6 Bb5+ 19. Kf3 Rd2 20. Ne4 Rxc2 21. Rfc1 Rxb2 22. N4xc5 dxc5 23. Rxc5 Bd7 24. Rxe5 Bxe6 25. Rxe6 Rf8+ 26. Kg3 Rbxf2 27. Re7 R2f7 28. Rae1 h6 29. h4 Kg8 30. R1e5 Rxe7 31. Rxe7 Rf7 32. Re8+ Kh7 33. h5 Rf5 34. Re7 Rb5 35. Kf3 a5 36. g4 Rb2 37. a4 Rb3+ 38. Kf4 Rb4+ 39. Kf5 Kg8 40. Rc7 Rxa4 41. Rxb7 Rb4 42. Ra7 Rb5+ 43. Ke4 Rg5 44. Kf4 Kf8 45. Kf3 Ke8 46. Kf4 Kd8 47. Kf3 Kc8 48. Kf4 Kb8 49. Re7 a4 50. Re4 Ra5 51. Re8+ Kc7 52. Re7+ Kd8 0-1

[Event "Guernsey Open 14th"]
[Site "Guernsey"]
[Date "1988.10.19"]
[Round "4"]
[White "De Ruiter, Ton"]
[Black "Kuijf, Marinus"]
[Result "0-1"]
[WhiteElo "2133"]
[BlackElo "2450"]
[PlyCount "98"]
[EventDate "1988.10.16"]
[EventType "swiss"]
[EventRounds "7"]
[EventCountry "GCI"]
[SourceTitle "BritBase"]
[Source "John Saunders"]
[SourceDate "2025.07.03"]
[SourceVersion "1"]
[SourceVersionDate "2025.07.03"]
[SourceQuality "1"]

1. e4 c5 2. b3 Nc6 3. Bb2 d6 4. Bb5 Bd7 5. Nf3 e5 6. O-O a6 7. Bxc6 Bxc6 8. d3 g6 9. Ne1 Bg7 10. f4 Ne7 11. Nf3 f6 12. fxe5 dxe5 13. Qe1 O-O 14. Qe3 b6 15. a4 a5 16. Na3 Qc7 17. Nc4 Bb7 18. Rf2 Nc6 19. Raf1 Rae8 20. Nfd2 Nd4 21. Bxd4 cxd4 22. Qe1 Qc6 23. Qa1 Rf7 24. Qb1 Bf8 25. Nf3 Rc7 26. Qc1 Bg7 27. Qa3 Bf8 28. Qc1 Kg7 29. h3 Bc5 30. g4 Rce7 31. Kh2 Rf8 32. Rg1 Ba6 33. Nh4 Bxc4 34. bxc4 Qxa4 35. g5 fxg5 36. Nf5+ Kh8 37. Qxg5 Qd7 38. Rfg2 Re6 39. Qh6 Qf7 40. Ng3 Qf4 41. Qxf4 Rxf4 42. Ne2 Rf3 43. Nc1 Bb4 44. Na2 Bc5 45. Nc1 Ref6 46. Rg5 Rf2+ 47. R1g2 Rf1 48. Nb3 Bb4 49. Rxe5 Bd6 0-1

[Event "Guernsey Open 14th"]
[Site "Guernsey"]
[Date "1988.10.19"]
[Round "4"]
[White "Havenaar, Jan"]
[Black "Archer, Paul R"]
[Result "0-1"]
[WhiteElo "2014"]
[BlackElo "1816"]
[PlyCount "84"]
[EventDate "1988.10.16"]
[EventType "swiss"]
[EventRounds "7"]
[EventCountry "GCI"]
[SourceTitle "BritBase"]
[Source "John Saunders"]
[SourceDate "2025.07.03"]
[SourceVersion "1"]
[SourceVersionDate "2025.07.03"]
[SourceQuality "1"]

1. e4 Nc6 2. Nf3 g6 3. d4 d6 4. c4 Bg7 5. Nc3 Nf6 6. Be2 O-O 7. O-O e5 8. d5 Ne7 9. Ne1 Ne8 10. Be3 f5 11. f3 f4 12. Bf2 g5 13. Rc1 h5 14. c5 Ng6 15. cxd6 cxd6 16. b4 Bh6 17. Rc2 Rf7 18. Nd3 Nf6 19. Qc1 Bd7 20. Nb2 g4 21. Nb5 gxf3 22. gxf3 Bh3 23. Nc7 Rxc7 24. Rxc7 Ne8 25. Rc2 Qg5+ 26. Bg3 Bxf1 27. Bxf1 fxg3 28. Qxg5 Bxg5 29. hxg3 Be3+ 30. Kh2 Ne7 31. Bh3 b5 32. Nd3 Rb8 33. Kg2 Rb7 34. Kf1 Bd4 35. Ke2 Rc7 36. Rxc7 Nxc7 37. f4 exf4 38. Nxf4 Bc3 39. Nxh5 Bxb4 40. Be6+ Nxe6 41. dxe6 Bc3 42. g4 Be5 0-1

[Event "Guernsey Open 14th"]
[Site "Guernsey"]
[Date "1988.10.19"]
[Round "4"]
[White "Kinsman, Andrew PH"]
[Black "Jensen, Leif Haugaard"]
[Result "1-0"]
[WhiteElo "2340"]
[BlackElo "2102"]
[PlyCount "55"]
[EventDate "1988.10.16"]
[EventType "swiss"]
[EventRounds "7"]
[EventCountry "GCI"]
[SourceTitle "BritBase"]
[Source "John Saunders"]
[SourceDate "2025.07.03"]
[SourceVersion "1"]
[SourceVersionDate "2025.07.03"]
[SourceQuality "1"]

1. d4 d5 2. Nf3 c6 3. c4 Nf6 4. Nc3 e6 5. Qb3 Qb6 6. c5 Qxb3 7. axb3 Nbd7 8. b4 b5 9. Bf4 Be7 10. h3 O-O 11. e3 Bb7 12. Bd3 Rfc8 13. Nd2 Bd8 14. Nb3 a6 15. Kd2 Nh5 16. Bd6 f5 17. g4 fxg4 18. hxg4 Nhf6 19. g5 Ne8 20. Bxh7+ Kf7 21. g6+ Kf6 22. e4 Nxd6 23. e5+ Kf5 24. cxd6 Nb6 25. Rag1 Nc4+ 26. Ke2 a5 27. Rh5+ Kf4 28. bxa5 1-0

[Event "Guernsey Open 14th"]
[Site "Guernsey"]
[Date "1988.10.19"]
[Round "4"]
[White "Llapasset, Jean-Louis"]
[Black "Ippel, Cornelius J"]
[Result "1-0"]
[WhiteElo "2090"]
[BlackElo "1850"]
[PlyCount "59"]
[EventDate "1988.10.16"]
[EventType "swiss"]
[EventRounds "7"]
[EventCountry "GCI"]
[SourceTitle "BritBase"]
[Source "John Saunders"]
[SourceDate "2025.07.03"]
[SourceVersion "1"]
[SourceVersionDate "2025.07.03"]
[SourceQuality "1"]

1. e4 e6 2. d4 d5 3. e5 c5 4. c3 Qb6 5. Nf3 Nc6 6. a3 Bd7 7. b4 cxd4 8. cxd4 Nge7 9. Nc3 a6 10. Na4 Qc7 11. Nc5 Nf5 12. Bb2 Bxc5 13. dxc5 O-O-O 14. Bd3 g6 15. O-O Rdg8 16. Re1 Na7 17. a4 Bc6 18. g4 Ng7 19. Nd4 h5 20. b5 hxg4 21. b6 Qe7 22. bxa7 Kd7 23. Qxg4 Nf5 24. Nxc6 bxc6 25. Qb4 Qg5+ 26. Kf1 Nh4 27. Re3 Nf5 28. Qb7+ Ke8 29. Bxf5 Qxf5 30. a8=Q# 1-0

[Event "Guernsey Open 14th"]
[Site "Guernsey"]
[Date "1988.10.19"]
[Round "4"]
[White "Martin, Andrew D"]
[Black "Whipp, Edwin J"]
[Result "1/2-1/2"]
[WhiteElo "2430"]
[BlackElo "2176"]
[PlyCount "87"]
[EventDate "1988.10.16"]
[EventType "swiss"]
[EventRounds "7"]
[EventCountry "GCI"]
[SourceTitle "BritBase"]
[Source "John Saunders"]
[SourceDate "2025.07.03"]
[SourceVersion "1"]
[SourceVersionDate "2025.07.03"]
[SourceQuality "1"]

1. e4 e6 2. d4 d5 3. Nc3 Nf6 4. Bg5 Bb4 5. e5 h6 6. Be3 Ne4 7. Qg4 Kf8 8. a3 Ba5 9. Nge2 c5 10. dxc5 Nc6 11. b4 Nxc3 12. Nxc3 Nxe5 13. Qd1 Bc7 14. Nb5 Bb8 15. Be2 Bd7 16. Nd6 Bxd6 17. cxd6 Qc8 18. O-O Nc4 19. Bd4 Nxd6 20. Bc5 Qc7 21. c4 b6 22. Bxd6+ Qxd6 23. cxd5 exd5 24. Qd4 Rd8 25. Bf3 Be6 26. Rfe1 h5 27. Re5 f6 28. Re3 Bg4 29. Bxg4 hxg4 30. g3 Qd7 31. Rae1 Kf7 32. b5 Rhe8 33. a4 Rxe3 34. fxe3 Qe6 35. Rc1 Rd7 36. Rd1 Re7 37. Qxd5 Qxd5 38. Rxd5 Rxe3 39. Rd4 f5 40. a5 bxa5 41. Ra4 Re7 42. Rxa5 g6 43. Ra6 Rb7 44. Kf2 1/2-1/2

[Event "Guernsey Open 14th"]
[Site "Guernsey"]
[Date "1988.10.19"]
[Round "4"]
[White "Petrasch, Klaus"]
[Black "Daamen, Ferry"]
[Result "1/2-1/2"]
[WhiteElo "2072"]
[BlackElo "1850"]
[PlyCount "135"]
[EventDate "1988.10.16"]
[EventType "swiss"]
[EventRounds "7"]
[EventCountry "GCI"]
[SourceTitle "BritBase"]
[Source "John Saunders"]
[SourceDate "2025.07.03"]
[SourceVersion "1"]
[SourceVersionDate "2025.07.03"]
[SourceQuality "1"]

1. e4 c5 2. Nf3 d6 3. d4 cxd4 4. Nxd4 Nf6 5. Nc3 a6 6. Bg5 e6 7. Bc4 Be7 8. Qe2 b5 9. Bd3 Qc7 10. a3 Nbd7 11. f4 Bb7 12. Bxf6 Bxf6 13. Qf2 Qc5 14. Nce2 g6 15. c3 e5 16. fxe5 dxe5 17. Nb3 Qxf2+ 18. Kxf2 Rc8 19. a4 Bd8 20. axb5 axb5 21. Ng3 Bc6 22. Rhd1 O-O 23. Kg1 Bb6+ 24. Kh1 Ra8 25. h3 h5 26. Nf1 h4 27. Nfd2 Nf6 28. c4 bxc4 29. Nxc4 Bc7 30. Nc5 Rfb8 31. Ra6 Rxa6 32. Nxa6 Rc8 33. Nxc7 Rxc7 34. Nxe5 Nxe4 35. Bxe4 Bxe4 36. Ng4 Kg7 37. Nf2 Bb7 38. Rd2 Rc1+ 39. Kh2 Bc6 40. Nd3 Rb1 41. b4 Bb5 42. Ne5 Rxb4 43. Rf2 f6 44. Ng4 f5 45. Ne5 Re4 46. Nf3 Kf6 47. Rb2 Bc4 48. Rb6+ Be6 49. Rd6 g5 50. Rd8 Bf7 51. Rd7 Be6 52. Rd8 Ke7 53. Rh8 Kf6 54. Rh5 Bf7 55. Rh6+ Bg6 56. Rh8 Re8 57. Rxe8 Bxe8 58. Kg1 Bc6 59. Nd2 Ke5 60. Kf2 Kf4 61. Nb3 g4 62. hxg4 fxg4 63. Nd4 g3+ 64. Kf1 Be4 65. Ne2+ Kg4 66. Ng1 Bd3+ 67. Ke1 Bb5 68. Nh3 {Source: ResearchDb (Canada). Contributed by Paul Brown, 9 August 2025.} 1/2-1/2

[Event "Guernsey Open 14th"]
[Site "Guernsey"]
[Date "1988.10.19"]
[Round "4"]
[White "Ruston, Mark R"]
[Black "Kerkmeester, Jan"]
[Result "1-0"]
[WhiteElo "1960"]
[BlackElo "1850"]
[PlyCount "73"]
[EventDate "1988.10.16"]
[EventType "swiss"]
[EventRounds "7"]
[EventCountry "GCI"]
[SourceTitle "BritBase"]
[Source "John Saunders"]
[SourceDate "2025.07.03"]
[SourceVersion "1"]
[SourceVersionDate "2025.07.03"]
[SourceQuality "1"]

1. e4 e5 2. Nc3 Nc6 3. f4 d6 4. Nf3 Nf6 5. d4 Bg4 6. Bb5 Bxf3 7. Qxf3 Nd7 8. Bxc6 bxc6 9. fxe5 dxe5 10. O-O Qe7 11. d5 f6 12. Be3 c5 13. Rad1 Qf7 14. d6 Bxd6 15. Nb5 O-O 16. Nxd6 cxd6 17. Rxd6 Rfc8 18. Qg4 Rc7 19. Rfd1 Nf8 20. R1d5 Rac8 21. c4 Qg6 22. Qxg6 hxg6 23. Bd2 Kf7 24. Ba5 Rc6 25. Kf2 Ke7 26. Rxc6 Rxc6 27. a3 Ne6 28. g3 Rd6 29. b4 Kd7 30. b5 Rxd5 31. exd5 Nd4 32. Ke3 Nc2+ 33. Kd3 Nxa3 34. b6 axb6 35. Bxb6 Kd6 36. Ba7 f5 37. Bb8+ 1-0

[Event "Guernsey Open 14th"]
[Site "Guernsey"]
[Date "1988.10.19"]
[Round "4"]
[White "Tak, Peter C"]
[Black "Bartels, Hans A"]
[Result "0-1"]
[WhiteElo "1911"]
[BlackElo "2345"]
[PlyCount "50"]
[EventDate "1988.10.16"]
[EventType "swiss"]
[EventRounds "7"]
[EventCountry "GCI"]
[SourceTitle "BritBase"]
[Source "John Saunders"]
[SourceDate "2025.07.03"]
[SourceVersion "1"]
[SourceVersionDate "2025.07.03"]
[SourceQuality "1"]

1. e4 c6 2. f4 d5 3. e5 Bf5 4. d4 e6 5. Nf3 c5 6. c3 Nc6 7. Bd3 Bxd3 8. Qxd3 cxd4 9. cxd4 Nge7 10. Nc3 h5 11. a3 Nf5 12. Be3 Rc8 13. O-O Na5 14. Rad1 Qd7 15. Bf2 Be7 16. Qb5 Qxb5 17. Nxb5 a6 18. Nc3 b5 19. Ne2 Kd7 20. Be1 Nc4 21. Rb1 Nce3 22. Rf2 Ng4 23. Bc3 Nxf2 24. Kxf2 Rc6 25. g3 Rb8 0-1

[Event "Guernsey Open 14th"]
[Site "Guernsey"]
[Date "1988.10.19"]
[Round "4"]
[White "Tichelman, Ineke"]
[Black "Hanreck, Alan E"]
[Result "0-1"]
[WhiteElo "1900"]
[BlackElo "2256"]
[PlyCount "70"]
[EventDate "1988.10.16"]
[EventType "swiss"]
[EventRounds "7"]
[EventCountry "GCI"]
[SourceTitle "BritBase"]
[Source "John Saunders"]
[SourceDate "2025.07.03"]
[SourceVersion "1"]
[SourceVersionDate "2025.07.03"]
[SourceQuality "1"]

1. d4 Nf6 2. c4 e6 3. Nc3 Bb4 4. a3 Bxc3+ 5. bxc3 c5 6. Qc2 Nc6 7. Nf3 Qa5 8. Bd2 d6 9. d5 Ne7 10. e4 e5 11. Be2 h6 12. h3 Bd7 13. Bd3 Ba4 14. Qb2 Qa6 15. Be3 Nexd5 16. exd5 e4 17. Bxe4 Nxe4 18. O-O Qxc4 19. Qxb7 O-O 20. Nd2 Nxd2 21. Bxd2 Rfb8 22. Qe7 Qxd5 23. Be3 Bc6 24. f3 Re8 25. Qc7 Rac8 26. Qxa7 Rxe3 27. Rad1 Qe6 28. Qa6 d5 29. Rb1 Ra8 30. Qb6 Rxa3 31. Qxc5 Raxc3 32. Rb8+ Kh7 33. Qf8 Be8 34. f4 Rc2 35. Kh2 Qxh3+ 0-1

[Event "Guernsey Open 14th"]
[Site "Guernsey"]
[Date "1988.10.20"]
[Round "5"]
[White "Archer, Paul R"]
[Black "Llapasset, Jean-Louis"]
[Result "0-1"]
[WhiteElo "1816"]
[BlackElo "2090"]
[PlyCount "66"]
[EventDate "1988.10.16"]
[EventType "swiss"]
[EventRounds "7"]
[EventCountry "GCI"]
[SourceTitle "BritBase"]
[Source "John Saunders"]
[SourceDate "2025.07.03"]
[SourceVersion "1"]
[SourceVersionDate "2025.07.03"]
[SourceQuality "1"]

1. Nf3 Nf6 2. g3 d5 3. Bg2 Bf5 4. O-O e6 5. d3 Be7 6. Nbd2 O-O 7. c4 h6 8. Qb3 Qc8 9. Nd4 Bg6 10. cxd5 exd5 11. Bxd5 Nxd5 12. Qxd5 Rd8 13. Qc4 Bf6 14. N4f3 a5 15. Ne4 Bxe4 16. dxe4 Nc6 17. Rb1 Ra6 18. a3 Nd4 19. Nxd4 Rxd4 20. Qb5 Rxe4 21. e3 a4 22. b4 axb3 23. Rxb3 Rb6 24. Qd3 Rxb3 25. Qxb3 c5 26. Bd2 Qc6 27. Rb1 Re7 28. Qc4 Rd7 29. Ba5 b5 30. Qc2 h5 31. Qe2 h4 32. Rxb5 h3 33. Rb8+ Rd8 0-1

[Event "Guernsey Open 14th"]
[Site "Guernsey"]
[Date "1988.10.20"]
[Round "5"]
[White "Bartels, Hans A"]
[Black "Sparreboom, Willem"]
[Result "0-1"]
[WhiteElo "2345"]
[BlackElo "1950"]
[PlyCount "102"]
[EventDate "1988.10.16"]
[EventType "swiss"]
[EventRounds "7"]
[EventCountry "GCI"]
[SourceTitle "BritBase"]
[Source "John Saunders"]
[SourceDate "2025.07.03"]
[SourceVersion "1"]
[SourceVersionDate "2025.07.03"]
[SourceQuality "1"]

1. d4 Nf6 2. c4 g6 3. Nc3 d5 4. Bf4 Bg7 5. e3 O-O 6. Rc1 c6 7. Nf3 Bg4 8. Qb3 Qb6 9. Nd2 Be6 10. c5 Qxb3 11. Nxb3 Bf5 12. f3 h5 13. h3 a5 14. a4 Bc8 15. Kd2 Nfd7 16. g4 e5 17. Bg3 exd4 18. exd4 Bh6+ 19. f4 h4 20. Bh2 g5 21. f5 b6 22. Bg2 bxc5 23. dxc5 Na6 24. Bd6 Re8 25. Rhe1 Nf6 26. Rxe8+ Nxe8 27. Be5 Bxf5 28. gxf5 g4+ 29. Kd1 Bxc1 30. Kxc1 g3 31. Ne2 Ng7 32. Ned4 Re8 33. Bxg7 Kxg7 34. Kd2 Rb8 35. Bf1 Rb4 36. Ke3 Nb8 37. Bd3 Rxa4 38. Nd2 Nd7 39. Nxc6 Nxc5 40. Bf1 Ra1 41. Ke2 Ra2 42. Bg2 d4 43. Nc4 a4 44. Nb4 Ra1 45. Bc6 d3+ 46. Nxd3 Nxd3 47. Kxd3 Rg1 48. Ne3 Kf6 49. Bxa4 g2 50. Ke4 Re1 51. Kf3 g1=Q 0-1

[Event "Guernsey Open 14th"]
[Site "Guernsey"]
[Date "1988.10.20"]
[Round "5"]
[White "Becx, Cesar"]
[Black "Kinsman, Andrew PH"]
[Result "0-1"]
[WhiteElo "2295"]
[BlackElo "2340"]
[PlyCount "100"]
[EventDate "1988.10.16"]
[EventType "swiss"]
[EventRounds "7"]
[EventCountry "GCI"]
[SourceTitle "BritBase"]
[Source "John Saunders"]
[SourceDate "2025.07.03"]
[SourceVersion "1"]
[SourceVersionDate "2025.07.03"]
[SourceQuality "1"]

1. f4 e5 2. fxe5 d6 3. Nf3 g5 4. e4 g4 5. Bc4 gxf3 6. Qxf3 Nh6 7. O-O Qe7 8. exd6 cxd6 9. Qc3 Rg8 10. Bxf7+ Nxf7 11. Qxc8+ Nd8 12. Nc3 Qe6 13. Qxe6+ Nxe6 14. Nd5 Bg7 15. c3 Nc6 16. d4 Ne7 17. Re1 Kd7 18. Nf4 Nxf4 19. Bxf4 Ng6 20. Bg3 h5 21. Rad1 Bh6 22. c4 h4 23. Bf2 Nf4 24. g3 Nh5 25. Rd3 Raf8 26. Rb3 b6 27. Re2 Rf7 28. c5 Nf4 29. Rc2 Nh3+ 30. Kg2 Rxf2+ 31. Rxf2 Nxf2 32. Kxf2 hxg3+ 33. hxg3 dxc5 34. dxc5 bxc5 35. Rb7+ Kc6 36. Rxa7 Bg7 37. b3 c4 38. Ra4 c3 39. Rc4+ Kb7 40. a4 Rd8 41. b4 Rd2+ 42. Ke1 Rh2 43. Kd1 Ra2 44. a5 Ka6 45. Rc5 Bd4 46. Rc4 Rd2+ 47. Kc1 Kb5 48. Rc7 Kxb4 49. a6 Ra2 50. e5 Rxa6 0-1

[Event "Guernsey Open 14th"]
[Site "Guernsey"]
[Date "1988.10.20"]
[Round "5"]
[White "Bergman, PJ"]
[Black "Hebden, Mark L"]
[Result "0-1"]
[WhiteElo "1950"]
[BlackElo "2475"]
[PlyCount "66"]
[EventDate "1988.10.16"]
[EventType "swiss"]
[EventRounds "7"]
[EventCountry "GCI"]
[SourceTitle "BritBase"]
[Source "John Saunders"]
[SourceDate "2025.07.03"]
[SourceVersion "1"]
[SourceVersionDate "2025.07.03"]
[SourceQuality "1"]

1. d4 Nf6 2. g3 c5 3. e3 d5 4. Bg2 Nc6 5. Nf3 Bf5 6. c3 e6 7. Nbd2 Rc8 8. O-O Bd3 9. Re1 c4 10. Bf1 Bxf1 11. Kxf1 Ne4 12. Ne5 Nxe5 13. dxe5 Nc5 14. Nf3 Be7 15. Nd4 Nd3 16. Re2 Nxe5 17. Qa4+ Qd7 18. Qxa7 O-O 19. Qa5 Ra8 20. Qb5 Nc6 21. b4 e5 22. Nf3 e4 23. Ng1 Bf6 24. Bb2 Rfd8 25. a4 b6 26. Rd2 Ne5 27. Qxd7 Rxd7 28. Ne2 Nd3 29. a5 bxa5 30. bxa5 Rda7 31. Rb1 Rb7 32. Kg2 g5 33. Rdd1 Rxa5 0-1

[Event "Guernsey Open 14th"]
[Site "Guernsey"]
[Date "1988.10.20"]
[Round "5"]
[White "Daamen, Ferry"]
[Black "Lindner, Jan Joost"]
[Result "0-1"]
[WhiteElo "1850"]
[BlackElo "2267"]
[PlyCount "108"]
[EventDate "1988.10.16"]
[EventType "swiss"]
[EventRounds "7"]
[EventCountry "GCI"]
[SourceTitle "BritBase"]
[Source "John Saunders"]
[SourceDate "2025.07.03"]
[SourceVersion "1"]
[SourceVersionDate "2025.07.03"]
[SourceQuality "1"]

1. e4 e6 2. d4 d5 3. Nd2 Nf6 4. e5 Nfd7 5. f4 b6 6. Ndf3 c5 7. c3 Be7 8. Bd3 Ba6 9. Bc2 g6 10. Ne2 Nc6 11. Bd2 Qc7 12. a3 Rc8 13. Rc1 Na5 14. Bb1 Nc4 15. Qc2 Nb8 16. Kf2 Nc6 17. g4 h5 18. h3 hxg4 19. hxg4 Kd7 20. Ng3 N6a5 21. Rxh8 Rxh8 22. Rh1 Rxh1 23. Nxh1 Nxd2 24. Nxd2 Qc6 25. g5 Qb5 26. Ng3 Nc4 27. Nxc4 Qxc4 28. Ke3 Bb5 29. Ne2 Ba4 30. Qd2 Qb3 31. Bd3 c4 32. Bb1 Bxa3 33. Bc2 Qxc2 34. Qxc2 Bxc2 35. bxa3 Kc6 36. Kd2 Bf5 37. Kc1 Bg4 38. Ng3 Bh3 39. Kb2 Kb5 40. Ne2 Bf1 41. Nc1 Ka4 42. Na2 a5 43. Nc1 b5 44. Na2 Be2 45. Nc1 Bd1 46. Na2 Bb3 47. Nc1 b4 48. axb4 axb4 49. Ne2 Bd1 50. Nc1 b3 51. Nd3 cxd3 52. c4 d2 53. cxd5 Bf3 54. dxe6 d1=Q {Source: ResearchDb (Canada). Contributed by Paul Brown, 9 August 2025.} 0-1

[Event "Guernsey Open 14th"]
[Site "Guernsey"]
[Date "1988.10.20"]
[Round "5"]
[White "Haldane, Robin W"]
[Black "Selim"]
[Result "1-0"]
[WhiteElo "2016"]
[BlackElo "1816"]
[PlyCount "33"]
[EventDate "1988.10.16"]
[EventType "swiss"]
[EventRounds "7"]
[EventCountry "GCI"]
[SourceTitle "BritBase"]
[Source "John Saunders"]
[SourceDate "2025.07.03"]
[SourceVersion "1"]
[SourceVersionDate "2025.07.03"]
[SourceQuality "1"]

1. e4 c5 2. Nf3 d6 3. d4 cxd4 4. Nxd4 Nf6 5. Nc3 a6 6. Bg5 e6 7. f4 Be7 8. Qf3 Qc7 9. O-O-O b5 10. e5 Bb7 11. Qg3 dxe5 12. Bxf6 Bxf6 13. Bxb5+ Kf8 14. fxe5 Bxe5 15. Nxe6+ fxe6 16. Rhf1+ Kg8 17. Qxe5 1-0

[Event "Guernsey Open 14th"]
[Site "Guernsey"]
[Date "1988.10.20"]
[Round "5"]
[White "Hanreck, Alan E"]
[Black "Ruston, Mark R"]
[Result "1-0"]
[WhiteElo "2256"]
[BlackElo "1960"]
[PlyCount "111"]
[EventDate "1988.10.16"]
[EventType "swiss"]
[EventRounds "7"]
[EventCountry "GCI"]
[SourceTitle "BritBase"]
[Source "John Saunders"]
[SourceDate "2025.07.03"]
[SourceVersion "1"]
[SourceVersionDate "2025.07.03"]
[SourceQuality "1"]

1. Nf3 Nf6 2. g3 c5 3. c4 Nc6 4. Bg2 d5 5. cxd5 Nxd5 6. Nc3 Nc7 7. d3 e5 8. O-O Be7 9. Nd2 Be6 10. Bxc6+ bxc6 11. Qa4 Qd7 12. Nc4 f6 13. f4 exf4 14. Bxf4 Nd5 15. Ne4 Nxf4 16. gxf4 O-O 17. Rf2 Rab8 18. Qc2 Kh8 19. Ned2 Rfd8 20. Qc3 Qd4 21. Qxd4 cxd4 22. f5 Bd5 23. Rc1 Bb4 24. Nb3 Re8 25. Kf1 c5 26. Na1 Bxc4 27. Rxc4 Bd2 28. Nb3 Be3 29. Rf3 Re5 30. Rc2 Rb5 31. Rc4 h6 32. Ra4 Rb7 33. Rc4 Kh7 34. h4 h5 35. Kg2 Rb4 36. Rc2 Rb5 37. Rf1 a5 38. Rc4 Rb4 39. Rxb4 axb4 40. Na5 Re8 41. Nc4 Ra8 42. a3 bxa3 43. bxa3 Ra4 44. Rb1 g5 45. fxg6+ Kxg6 46. Rb5 Bc1 47. Rb1 Bf4 48. Kf3 Bc7 49. Rb5 Bd8 50. Rxc5 Be7 51. Rd5 Bxa3 52. Rxd4 Ra7 53. Rd5 Bc1 54. Nd6 Ra6 55. Ne4 Re6 56. Ng3 1-0

[Event "Guernsey Open 14th"]
[Site "Guernsey"]
[Date "1988.10.20"]
[Round "5"]
[White "Jansen, Andreas"]
[Black "Bellin, Robert"]
[Result "0-1"]
[WhiteElo "1900"]
[BlackElo "2370"]
[PlyCount "54"]
[EventDate "1988.10.16"]
[EventType "swiss"]
[EventRounds "7"]
[EventCountry "GCI"]
[SourceTitle "BritBase"]
[Source "John Saunders"]
[SourceDate "2025.07.03"]
[SourceVersion "1"]
[SourceVersionDate "2025.07.03"]
[SourceQuality "1"]

1. f4 Nf6 2. Nf3 g6 3. b3 Bg7 4. Bb2 O-O 5. e3 d6 6. d4 b6 7. c4 Bb7 8. Nc3 Nbd7 9. Be2 e5 10. fxe5 dxe5 11. d5 Ng4 12. Qd2 Bh6 13. Nd1 Qe7 14. b4 Ndf6 15. O-O Nxe3 16. Nxe3 Ng4 17. Nf5 gxf5 18. Qc3 f6 19. Nh4 Bc8 20. h3 Be3+ 21. Kh1 Nf2+ 22. Kh2 f4 23. Rxf2 Bxf2 24. Nf3 Qg7 25. Ng1 Bf5 26. c5 Bd4 27. Qb3 Qg3+ 0-1

[Event "Guernsey Open 14th"]
[Site "Guernsey"]
[Date "1988.10.20"]
[Round "5"]
[White "Kuijf, Marinus"]
[Black "Jacobs, Byron A"]
[Result "1/2-1/2"]
[WhiteElo "2450"]
[BlackElo "2320"]
[PlyCount "110"]
[EventDate "1988.10.16"]
[EventType "swiss"]
[EventRounds "7"]
[EventCountry "GCI"]
[SourceTitle "BritBase"]
[Source "John Saunders"]
[SourceDate "2025.07.03"]
[SourceVersion "1"]
[SourceVersionDate "2025.07.03"]
[SourceQuality "1"]

1. e4 e5 2. Nf3 Nc6 3. Bb5 a6 4. Bxc6 dxc6 5. O-O f6 6. d4 exd4 7. Nxd4 c5 8. Ne2 Qxd1 9. Rxd1 Bd7 10. Bf4 O-O-O 11. Nbc3 Ne7 12. f3 g6 13. a4 Bg7 14. Nd5 Nxd5 15. Rxd5 Bf8 16. Nc3 Be7 17. Nb5 Be6 18. Nxc7 Bxd5 19. Nxd5 Bd6 20. Bh6 Be5 21. c3 f5 22. Bg5 Rde8 23. f4 Bc7 24. e5 Bd8 25. Bxd8 Rxd8 26. c4 b5 27. axb5 axb5 28. b3 Kb7 29. Ra5 bxc4 30. bxc4 g5 31. e6 gxf4 32. Rxc5 Rd6 33. Nxf4 Rc6 34. Rxf5 Rxc4 35. e7 Re8 36. Nd5 Kc6 37. Rf8 Rc1+ 38. Kf2 Kd7 39. Rf3 Rc2+ 40. Kg3 Rxe7 41. Nxe7 Kxe7 42. Rf2 Rc4 43. Rf4 Rc3+ 44. Kg4 Rc2 45. Kh3 Ke6 46. g4 Ra2 47. Kg3 Ra3+ 48. Kh4 Ra2 49. h3 Rb2 50. g5 Rb3 51. Kg4 Ke7 52. h4 Rb6 53. Rf3 Rb4+ 54. Rf4 Rxf4+ 55. Kxf4 h6 1/2-1/2